[Event "ROM-ch U18"]
[Site "Calimanesti Caciulata"]
[Date "2016.04.21"]
[Round "5"]
[White "Stancu, Robert Alexandru"]
[Black "Nastase, Robert Paul"]
[Result "1-0"]
[WhiteElo "1939"]
[BlackElo "2215"]
[PlyCount "67"]
[EventDate "2016.04.18"]
[EventType "swiss"]
[EventRounds "9"]
[EventCountry "ROU"]
[SourceTitle "CBM 172 Extra"]
[Source "ChessBase"]
[SourceDate "2016.06.21"]
[SourceVersion "1"]
[SourceVersionDate "2016.06.21"]
[SourceQuality "1"]

1. e4 c5 2. c3 d5 3. exd5 Qxd5 4. d4 Nc6 5. Nf3 Bg4 6. Be2 e6 7. 0-0 Nf6 8. Be3 cxd4 9. cxd4 Be7 10. Nc3 Qd6 11. a3 0-0 12. Qb3 a6 13. Rfd1 Rfd8 14. Rac1 b5 15. h3 Bh5 16. d5 exd5 17. g4 Na5 18. Qa2 Bg6 19. g5 Ne4 20. Nxd5 Qe6 21. Bb6 Bxg5 22. Bxd8 Bxd8 23. Nh2 h5 24. Nc3 Nb3 25. Bf3 Rc8 26. Rc2 Bb6 27. Re2 f5 28. Nd5 Bf7 29. Qxb3 Rd8 30. Bxh5 g6 31. Bf3 Qe5 32. Bxe4 fxe4 33. Ng4 Bxd5 34. Rxd5 1-0

[Event "ROM-ch U18"]
[Site "Calimanesti Caciulata"]
[Date "2016.04.19"]
[Round "2"]
[White "Stancu, Robert Alexandru"]
[Black "Toma, Radu Cristian"]
[Result "1/2-1/2"]
[WhiteElo "1939"]
[BlackElo "2351"]
[PlyCount "224"]
[EventDate "2016.04.18"]
[EventType "swiss"]
[EventRounds "9"]
[EventCountry "ROU"]
[SourceTitle "CBM 172 Extra"]
[Source "ChessBase"]
[SourceDate "2016.06.21"]
[SourceVersion "1"]
[SourceVersionDate "2016.06.21"]
[SourceQuality "1"]

1. e4 c6 2. c4 d5 3. exd5 cxd5 4. cxd5 Nf6 5. Nc3 Nxd5 6. Bc4 Nxc3 7. bxc3 e6 8. Nf3 Qc7 9. Qe2 Nd7 10. 0-0 Bd6 11. d4 0-0 12. Bb2 b6 13. Bd3 Bb7 14. h3 Rfe8 15. Rfe1 Rac8 16. c4 Bb4 17. Red1 Qf4 18. Qe3 Bd6 19. Qxf4 Bxf4 20. Bc1 Bd6 21. Bb2 Red8 22. a4 a5 23. Bc3 Ba6 24. c5 Bxd3 25. Rxd3 Nxc5 26. dxc5 Bh2+ 27. Kxh2 Rxd3 28. Bd2 bxc5 29. Bxa5 c4 30. Ne1 Rb3 31. Nc2 Ra8 32. Nd4 Rxa5 33. Nxb3 cxb3 34. Rb1 g5 35. Rxb3 Rxa4 36. Rg3 Ra5 37. h4 h6 38. f4 Kg7 39. hxg5 hxg5 40. fxg5 Kg6 41. Kh3 Rxg5 42. Re3 Ra5 43. Kg3 Kg5 44. Kf3 Rf5+ 45. Kg3 Kf6 46. Kh4 e5 47. g4 Rf1 48. Re4 Ke6 49. Ra4 Kd5 50. Kg3 f6 51. Ra5+ Ke6 52. Ra4 Kf7 53. Kg2 Rd1 54. Kf3 Kg6 55. Ra8 Rd3+ 56. Kg2 Rb3 57. Rg8+ Kf7 58. Ra8 Rd3 59. Kf2 Ke6 60. Re8+ Kf7 61. Ra8 Kg7 62. Kg2 Rc3 63. Re8 Kh6 64. Rg8 Kh7 65. Re8 Kg6 66. Rg8+ Kf7 67. Ra8 Rc6 68. Kf3 Ke6 69. Ra5 Rc3+ 70. Kf2 Rc2+ 71. Kf3 Rb2 72. Ra6+ Kf7 73. Ra8 Rb3+ 74. Kf2 Rb7 75. Kf3 Rd7 76. Rb8 Ke7 77. Rb5 Ke6 78. Rb6+ Rd6 79. Rb5 Rd5 80. Rb6+ Kf7 81. Rb8 Rd3+ 82. Kf2 Kg6 83. Rg8+ Kh6 84. Ke2 Rc3 85. Kf2 Rc7 86. Kf3 Rd7 87. Rh8+ Rh7 88. Rg8 Rg7 89. Rh8+ Kg6 90. Kg3 Kf7 91. Ra8 Rg8 92. Ra7+ Kg6 93. Ra3 Kg5 94. Rf3 Rc8 95. Rf5+ Kg6 96. Rf3 Rc4 97. Kh4 Ra4 98. Kg3 Rd4 99. Kh4 Rd8 100. Kg3 Rd4 101. Kh4 Rd5 102. Kg3 e4 103. Rf4 Re5 104. Rf2 Kg5 105. Rh2 Re8 106. Rh5+ Kg6 107. Kf2 e3+ 108. Ke2 Re4 109. Ra5 Re8 110. Rb5 Re4 111. Ra5 Kf7 112. g5 fxg5 1/2-1/2

[Event "ROM-ch U18"]
[Site "Calimanesti Caciulata"]
[Date "2016.04.18"]
[Round "1"]
[White "Acsinte, Matei Ionut"]
[Black "Stancu, Robert Alexandru"]
[Result "0-1"]
[WhiteElo "2228"]
[BlackElo "1939"]
[PlyCount "86"]
[EventDate "2016.04.18"]
[EventType "swiss"]
[EventRounds "9"]
[EventCountry "ROU"]
[SourceTitle "CBM 172 Extra"]
[Source "ChessBase"]
[SourceDate "2016.06.21"]
[SourceVersion "1"]
[SourceVersionDate "2016.06.21"]
[SourceQuality "1"]

1. d4 Nf6 2. c4 e6 3. Nc3 d5 4. Bg5 Be7 5. e3 0-0 6. cxd5 exd5 7. Bd3 c6 8. Nge2 Nbd7 9. Qc2 Re8 10. h4 h6 11. Bf4 Nf8 12. 0-0-0 Ne6 13. Be5 Ng4 14. Bg3 Bd6 15. Rde1 Qc7 16. Bxd6 Qxd6 17. Ng3 Nf8 18. Nf5 Bxf5 19. Bxf5 Nf6 20. Rh3 g6 21. Bd3 Rac8 22. h5 g5 23. Kb1 Ne6 24. Rf3 Nxd4 25. Qd2 Nxf3 26. gxf3 Rcd8 27. Ne2 Ne4 28. Qc2 Qb4 29. Rg1 Nd2+ 30. Ka1 Nxf3 31. Bh7+ Kg7 32. Rg3 Qe1+ 33. Nc1 Rxe3 34. Kb1 Nd2+ 35. Ka1 Rxg3 36. fxg3 Ne4 37. Bf5 Nxg3 38. Bd3 Re8 39. a3 Ne2 40. Bxe2 Rxe2 41. Qc5 Re4 42. Ka2 Rc4 43. Qd6 Rxc1 0-1

[Event "ROM-ch U16"]
[Site "Calimanesti"]
[Date "2015.04.04"]
[Round "7"]
[White "Geiger, Alex Emanuel"]
[Black "Stancu, Robert Alexandru"]
[Result "1-0"]
[WhiteElo "2067"]
[BlackElo "1779"]
[PlyCount "81"]
[EventDate "2015.03.30"]
[EventType "swiss"]
[EventRounds "9"]
[EventCountry "ROU"]
[SourceTitle "CBM 165 Extra"]
[Source "ChessBase"]
[SourceDate "2015.04.21"]
[SourceVersion "1"]
[SourceVersionDate "2015.04.21"]
[SourceQuality "1"]

1. e4 c5 2. b3 Nc6 3. Bb2 e5 4. Bc4 Nf6 5. Nc3 g6 6. d3 Bg7 7. Nge2 d6 8. 0-0 0-0 9. f4 Nd4 10. Nxd4 cxd4 11. Nd5 Ne8 12. a4 Be6 13. f5 Bxd5 14. Bxd5 Qd7 15. Qf3 Nf6 16. Bc4 a6 17. a5 gxf5 18. Qxf5 Qxf5 19. Rxf5 Rad8 20. Ba3 Ng4 21. Bc1 Bh6 22. Bg5 Ne3 23. Bxh6 Nxf5 24. Bxf8 Kxf8 25. exf5 d5 26. Ra4 dxc4 27. Rxc4 Kg7 28. Kf2 Rd5 29. b4 Kf6 30. g4 h5 31. h3 hxg4 32. hxg4 Kg5 33. Kg3 Rb5 34. Kf3 b6 35. Rc7 Rxb4 36. axb6 Rxb6 37. Rxf7 Kh6 38. Ke4 Rb5 39. Rf6+ Kg5 40. Rg6+ Kh4 41. f6 1-0

[Event "ROM-ch U16"]
[Site "Calimanesti"]
[Date "2015.04.02"]
[Round "5"]
[White "Stancu, Robert Alexandru"]
[Black "Oros, Vlad Dragos"]
[Result "1-0"]
[WhiteElo "1779"]
[BlackElo "1641"]
[PlyCount "87"]
[EventDate "2015.03.30"]
[EventType "swiss"]
[EventRounds "9"]
[EventCountry "ROU"]
[SourceTitle "CBM 165 Extra"]
[Source "ChessBase"]
[SourceDate "2015.04.21"]
[SourceVersion "1"]
[SourceVersionDate "2015.04.21"]
[SourceQuality "1"]

1. e4 c5 2. c3 Nc6 3. d4 cxd4 4. cxd4 e6 5. Nc3 d6 6. Nf3 Nf6 7. Bd3 Be7 8. 0-0 0-0 9. a3 b6 10. Qe2 Bb7 11. Rd1 Qc7 12. Bg5 Rad8 13. Rac1 Qb8 14. Bb1 h6 15. Bd2 Na5 16. Ba2 a6 17. b4 Nc6 18. Re1 Rfe8 19. Bb1 e5 20. d5 Na7 21. Bd3 b5 22. a4 Bc8 23. axb5 axb5 24. Nxb5 Nxb5 25. Bxb5 Bd7 26. Bc6 Rc8 27. b5 Bxc6 28. dxc6 Bd8 29. Qc4 Bb6 30. Ra1 Re7 31. Ra6 Nd7 32. Be3 Bxe3 33. Rxe3 Nc5 34. Ra1 Ra7 35. Ree1 Rxa1 36. Rxa1 Qb6 37. Nd2 Rb8 38. g3 Ne6 39. Rb1 Nc7 40. Nf1 Qa5 41. Ne3 Kf8 42. Nd5 Ke8 43. b6 Nxd5 44. exd5 1-0

[Event "ROM-chT"]
[Site "Mamaia"]
[Date "2013.09.05"]
[Round "6.6"]
[White "Stancu, Robert Alexandru"]
[Black "Stegariu, Vlad Ionut"]
[Result "0-1"]
[WhiteElo "1759"]
[BlackElo "2171"]
[PlyCount "54"]
[EventDate "2013.08.31"]
[EventType "team-tourn"]
[EventRounds "9"]
[EventCountry "ROU"]
[SourceTitle "CBM 156 Extra"]
[Source "ChessBase"]
[SourceDate "2013.10.22"]
[SourceVersion "1"]
[SourceVersionDate "2013.10.22"]
[SourceQuality "1"]
[WhiteTeam "Otopeni"]
[BlackTeam "Iasi Politehnica"]
[WhiteTeamCountry "ROU"]
[BlackTeamCountry "ROU"]

1. e4 c5 2. Nf3 e6 3. d4 cxd4 4. Nxd4 a6 5. Bd3 Qc7 6. 0-0 Bc5 7. Be3 Nf6 8. Nc3 0-0 9. Qe2 b5 10. a3 Bb7 11. Kh1 Qb6 12. e5 Nd5 13. Nxd5 Bxd5 14. Rad1 Nc6 15. Nxc6 Qxc6 16. f3 Be7 17. f4 f5 18. Rc1 Rac8 19. Rfd1 Kh8 20. Kg1 Rg8 21. a4 g5 22. axb5 Qa8 23. g3 gxf4 24. Bxf4 Bf3 25. Qf2 Rg4 26. Be2 Rxf4 27. gxf4 Bc5 0-1

[Event "ROM-ch U14"]
[Site "Calimanesti"]
[Date "2013.04.06"]
[Round "7"]
[White "Andronache, Mihai Stefan"]
[Black "Stancu, Robert Alexandru"]
[Result "0-1"]
[WhiteElo "1601"]
[BlackElo "1763"]
[PlyCount "79"]
[EventDate "2013.04.02"]
[EventType "swiss"]
[EventRounds "9"]
[EventCountry "ROU"]
[SourceTitle "CBM 153 Extra"]
[Source "ChessBase"]
[SourceDate "2013.04.22"]
[SourceVersion "1"]
[SourceVersionDate "2013.04.22"]
[SourceQuality "1"]

1. f4 Nf6 2. b3 e6 3. Bb2 d5 4. Nf3 Be7 5. e3 0-0 6. Bd3 c5 7. 0-0 Nc6 8. a3 Ne4 9. Be2 f5 10. d3 Nf6 11. Ne5 Qb6 12. Kh1 Rd8 13. Nc3 a6 14. Na4 Qc7 15. Nxc6 Qxc6 16. Bf3 b5 17. Nc3 Bb7 18. Ne2 Qb6 19. Qe1 Ne8 20. Qg3 Bf6 21. Bxf6 Nxf6 22. Qg5 Bc6 23. Ng3 Qb7 24. Nh5 Nxh5 25. Qxh5 Rf8 26. Qh4 Rae8 27. Bh5 d4 28. Qg3 Re7 29. exd4 cxd4 30. Rfe1 Bd5 31. Qf2 Rc8 32. Re2 Rec7 33. Rd2 Qb6 34. Bd1 Qc6 35. Kg1 Qc5 36. Kf1 a5 37. a4 Qc3 38. Ra2 b4 39. Ke1 Re7 40. Qh4 0-1

[Event "ROM-ch U14"]
[Site "Calimanesti"]
[Date "2013.04.03"]
[Round "2"]
[White "Stancu, Robert Alexandru"]
[Black "Geiger, Alex Emanuel"]
[Result "0-1"]
[WhiteElo "1763"]
[BlackElo "1989"]
[PlyCount "128"]
[EventDate "2013.04.02"]
[EventType "swiss"]
[EventRounds "9"]
[EventCountry "ROU"]
[SourceTitle "CBM 153 Extra"]
[Source "ChessBase"]
[SourceDate "2013.04.22"]
[SourceVersion "1"]
[SourceVersionDate "2013.04.22"]
[SourceQuality "1"]

1. e4 c5 2. Nf3 Nc6 3. d4 cxd4 4. Nxd4 g6 5. c4 Bg7 6. Be3 Nf6 7. Nc3 Ng4 8. Qxg4 Nxd4 9. Qd1 Ne6 10. Qd2 d6 11. Be2 Bd7 12. 0-0 0-0 13. Nd5 Bc6 14. f3 b6 15. Rac1 Rc8 16. Rfd1 Qd7 17. Kh1 f5 18. exf5 Rxf5 19. f4 Rcf8 20. Bg4 Nc7 21. Bxf5 Rxf5 22. Kg1 Nxd5 23. cxd5 Rxd5 24. Qc2 Rxd1+ 25. Rxd1 Qe6 26. Bf2 Be4 27. Qe2 d5 28. Bd4 Bxd4+ 29. Rxd4 Qc6 30. Rd1 Qc5+ 31. Qf2 Qc4 32. a3 e6 33. Qd4 b5 34. Rd2 Qc1+ 35. Kf2 Qh1 36. Kg3 Qc1 37. Qc3 Qxc3+ 38. bxc3 Kf7 39. Rd4 Ke7 40. a4 a6 41. axb5 axb5 42. Kf2 Kd6 43. g4 Kc5 44. Ke3 h5 45. gxh5 gxh5 46. h4 Bf5 47. Kd2 Kd6 48. Rb4 Kc5 49. Kc1 Bd3 50. Rd4 Bf5 51. Kb2 Bg4 52. Rd2 Kc4 53. Rd4+ Kc5 54. Kc2 Bf5+ 55. Kd2 Bg4 56. Rb4 Bf5 57. Rb2 Kc4 58. Ra2 d4 59. Ra3 dxc3+ 60. Rxc3+ Kd4 61. Re3 b4 62. Re5 b3 63. Kc1 Kc3 64. Re3+ Bd3 0-1